Lectures on Polytopes

Salvato in:
Dettagli Bibliografici
Autore principale: Ziegler, Günter M. (Autore)
Natura: Libro
Lingua:inglese
Pubblicazione: New York : Springer Science+Business Media, LLC, 2006
Edizione:7. Edition
Soggetti:
Tags: Aggiungi Tag
Nessun Tag, puoi essere il primo ad aggiungerne!!

MARC

LEADER 00000nam a22000003a 4500
001 stu179108
005 20190206105046.8
008 090203s2006----xxu-----------------eng-d
020 |a 978-0-387-94365-7 
040 |a STU  |b slo 
041 0 |a eng 
044 |a xxu 
080 |a 514.113.5 
100 1 |a Ziegler, Günter M.  |4 aut 
245 1 |a Lectures on Polytopes 
250 |a 7. Edition 
260 |a New York :  |b Springer Science+Business Media, LLC,  |c 2006 
300 |a 373 s 
650 7 |a geometria mnohostenov  |2 stusub 
996 |b 284J034818  |c J*110618  |l JJSK  |s A  |a 24  |w stu179108_0001